Breaking Bad Last Names - Statistics

General Stats
  • This quiz has been taken 693 times
  • The average score is 10 of 13
Answer Stats
First Last % Correct
Walter, Skyler, Walter Jr. White
100%
Saul Goodman
98%
Jesse Pinkman
98%
Gus Fring
95%
Tuco, Hector Salamanca
93%
Hank, Marie Schrader
91%
Ted Beneke
75%
Mike Ehrmantraut
72%
Steven Gomez
66%
Gale Boetticher
56%
Jane Margolis
50%
Todd Alquist
47%
Lydia Rodarte-Quayle
39%
No matching quizzes found
Score Distribution
Percent of People with Each Score
Percentile by Number Answered
Your Score History
You have not taken this quiz